| 000 -LEADER |
| fixed length control field |
00404nam a22001337a 4500 |
| 003 - CONTROL NUMBER IDENTIFIER |
| control field |
OSt |
| 008 - FIXED-LENGTH DATA ELEMENTS--GENERAL INFORMATION |
| fixed length control field |
150615b xxu||||| |||| 00| 0 eng d |
| 041 ## - LANGUAGE CODE |
| Language code of text/sound track or separate title |
eng |
| 245 10 - TITLE STATEMENT |
| Title |
The Aurora collection of RSFSR - RSFSR, 1918-1923, Russian Soviet Federative Socialist Republic |
| 246 10 - VARYING FORM OF TITLE |
| Title proper/short title |
February 10, 2011 |
| 260 ## - PUBLICATION, DISTRIBUTION, ETC. (IMPRINT) |
| Name of publisher, distributor, etc. |
Cherrystone Auction Galleries |
| 300 ## - PHYSICAL DESCRIPTION |
| Extent |
0 pages |
| 700 1# - ADDED ENTRY--PERSONAL NAME |
| Personal name |
Cherrystone Auction Galleries |